000 00552nam a22001937a 4500
005 20250724154808.0
010 _aENG-146144
020 _c350.00
_a9789348892072
035 _aEN-129676
037 _bDBAD
082 _a881
_21
100 _aChaudhuri, Devangi
_983327
245 _aScreams Whispers & Echoes/
_cDevangi Chaudhuri
250 _a1
260 _aKolkata
_bExceller Books
_c2024
270 _aG1 Dream Apartment, Degree College Road
_b Belgharia,Kolkata
300 _a88p.
_c22cm(pb)
942 _2ddc
_cEN
_mCHA
_h881
999 _c212601
_d212601